Kristen Bell Filmography - Statistics

General Stats
  • This quiz has been taken 103 times
    4 since last reset
  • The average score is 12 of 205
Answer Stats
Type Year Name % Correct
Film 2016 Bad Moms
100%
Film 2013 Frozen
100%
Film 2019 Frozen II
100%
Film 2017 A Bad Moms Christmas
67%
TV Show 2007-2012 Gossip Girl
67%
Web Series 2021 Gossip Girl
67%
Film 2012 Hit and Run
67%
TV Show 2016-2020 The Good Place
67%
Film 2009 Astro Boy
33%
Video Game 2009 Astro Boy: The Video Game
33%
Film 2010 Burlesque
33%
Short Film 2015 Frozen Fever
33%
Film 2027 Frozen III
33%
Film TBA Frozen IV
33%
TV Show 2012-2016 House of Lies
33%
Web Series 2024-Present Nobody Wants This
33%
Short Film 2017 Olaf's Frozen Adventure
33%
Short Film 2023 Once Upon a Studio
33%
Film 2018 Ralph Breaks the Internet
33%
Film 2013 The Lifeguard
33%
Film 2010 When in Rome
33%
Film 2010 You Again
33%
Film 2016 Zootopia
33%
Web Series 2022 Zootopia+
33%
Award Show 2018 24th Screen Actors Guild Awards
0%
Award Show 2015 30th Independent Spirit Awards
0%
Award Show 2006 8th Annual Family Friendly Awards
0%
Theater 2002, 2004 A Little Night Music
0%
TV Show 2011 Always Open
0%
TV Show 2003 American Dreams
0%
TV Show 2009 American Idol
0%
TV Show 2005 America's Next Top Model
0%
Podcast 2018-2022 Armchair Expert with Dax Shepard
0%
Video Game 2007 Assassin's Creed
0%
Video Game 2010 Assassin's Creed: Brotherhood
0%
Video Game 2009 Assassin's Creed II
0%
Short Film 2010 Astro Boy vs. The Junkyard Pirates
0%
Web Series 2022 Baking It
0%
Documentary Series 2020 Beyond the Spotlight
0%
TV Show 2017 Big Fan
0%
Film 2012 Big Miracle
0%
TV Show 2017-2018 Big Mouth
0%
TV Show 2014 Billy on the Street
0%
TV Show 2005 Blow Out
0%
Web Series 2017 BoJack Horseman
0%
TV Show 2020 Brain Games
0%
TV Show 2014-2015 Bubble Guppies
0%
Web Series 2012 Burning Love
0%
Web Series 2018 Celebrity Animal Encounters
0%
TV Special 2020 Celebrity Escape Room
0%
TV Show 2015 Celebrity Style Story
0%
Web Series 2016 Celebs Have Issues
0%
Web Series 2020-2022 Central Park
0%
Documentary Series 2020 Cheat Sheet for the Voting Booth
0%
Film 2017 CHiPs
0%
Award Show 2012-2014 CMT Music Awards
0%
Film 2009 Couples Retreat
0%
TV Show 2004 Deadwood
0%
TV Special 2006 Dear Santa
0%
Film 2005 Deepwater
0%
TV Show 2007 Designer to the Stars: Kari Whitman
0%
Video Game 2013 Disney Infinity
0%
Video Game 2015 Disney Infinity 3.0
0%
Video Game 2014 Disney Infinity: Marvel Super Heroes
0%
TV Special 2016 Disneyland 60th Anniversary TV Special
0%
Video Game 2023 Disney Speedstorm
0%
TV Special 2024 Dolly Parton's Pet Gala
0%
Web Series 2021-2022 Do, Re & Mi
0%
Commercial 2023 Enchanté
0%
Documentary Series 2019 Encore!
0%
Web Series 2019-2020 Encore!
0%
Commercial 2017-2019 Enterprise
0%
TV Show 2003 Everwood
0%
Documentary Series 2018 Explained
0%
TV Show 2021-2022 Family Game Fight
0%
TV Show 2017 Family Guy
0%
Film 2008 Fanboys
0%
Film 2006 Fifty Pills
0%
Documentary Series 2025 Finding Your Roots with Henry Louis Gates, Jr.
0%
Short Film 2012 Flatland 2: Sphereland
0%
Short Film 2007 Flatland: The Movie
0%
Film 2008 Forgetting Sarah Marshall
0%
Film 2010 Get Him to the Greek
0%
TV Show 2011 Glenn Martin, DDS
0%
TV Film 2004 Gracie's Choice
0%
Theater 2023 Gutenberg!
0%
Web Series 2025 Hacks
0%
Theater 2014 Hair
0%
Theater 2009 Heathers: The Musical
0%
Commercial 2021 Hello Bello
0%
TV Show 2007-2008 Heroes
0%
Documentary Series 2008 Heroes Unmasked
0%
TV Show 2013, 2019, 2020 Hollywood Game Nightg
0%
TV Show 2021 HouseBroken
0%
Web Series 2012 House of Lies: Fridays at Galweather
0%
Commercial 2017 Houzz
0%
Film 2017 How to Be a Latin Lover
0%
TV Special 2017 Inside Kristen Bell and Dax Shepard's Game Night
0%
Documentary Mini-Series. 2020 Into the Unknown: Making Frozen II
0%
Short Film 2020 I Take Responsibility
0%
TV Special 2015 It's Your 50th Christmas, Charlie Brown!
0%
TV Show 2016 iZOMBiE
0%
TV Show 2017 Jimmy Kimmel Live!
0%
TV Special 2020 #KidsTogether: The Nickelodeon Town Hall
0%
Video Game 2019 Kingdom Hearts III
0%
Short Film 2018 Kristen Bell Sings Ultimate Back-to-School Anthem
0%
TV Special 2013 Lady Gaga and the Muppets Holiday Spectacular
0%
Film 2005 Last Days of America
0%
TV Show 2019 Last Week Tonight with John Oliver
0%
Commercial 2019 La-Z Boy Furniture
0%
TV Mini-Series 2016 Lego Frozen Northern Lights
0%
Commercial 2019 Lightlife Burger
0%
Film 2018 Like Father
0%
TV Show 2020 Little Big Shots
0%
TV Show 2015 Liv and Maddie
0%
Music Video 2019 Lost in the Woods
0%
Short Film 2010 Lost Masterpieces of Pornography
0%
TV Mini-Series 2012 Lovin' Lakin
0%
Music Video 2010 Madder Red
0%
Short Film 2014 Mary Poppins Quits
0%
TV Special 2018 Mickey's 90th Spectacular
0%
Web Series 2018-2020 Momsplaining with Kristen Bell
0%
Film 2013 Movie 43
0%
Documentary Mini-Series 2024 My Generation
0%
Web Series 2017 My Houzz
0%
Commercial 2011-2017 Neutrogena
0%
TV Show 2017 Nobodies
0%
TV Special 2022 Norman Lear: 100 Years of Music & Laughter
0%
Music Video 2005 No Sleep Tonight
0%
TV Show 2009 NYC Prep
0%
Commercial 2006 Old Navy
0%
Short Film 2020 Once Upon a Snowman
0%
TV Special 2020 One Night Only: The Best of Broadway
0%
Short Documentary 2018 Pandas
0%
TV Show 2013, 2014 Parks and Recreation
0%
TV Show 2009, 2010 Party Down
0%
Film 2023 PAW Patrol: The Mighty Movie
0%
Film 2002 People Are Dead
0%
Web Series 2014 Play It Again, Dick
0%
Film 1998 Polish Wedding
0%
Film 2001 Pootie Tang
0%
TV Show 2010 Project Runway
0%
Film 2006 Pulse
0%
TV Show 2005 Punk'd
0%
TV Special 2021 Puppy Bowl XVII
0%
Film 2021 Queenpins
0%
TV Special 2016 Red Nose Day
0%
Theater 2001 Reefer Madness
0%
TV Film 2005 Reefer Madness
0%
TV Show 2015 Repeat After Me
0%
TV Show 2011 Robot Chicken
0%
Film 2006 Roman
0%
Web Series 2017 Ryan Hansen Solves Crimes on Television
0%
Film 2012 Safety Not Guaranteed
0%
Commercial 2014 Samsung Galaxy
0%
Commercial 2015-2016 Samsung Kitchen Appliances
0%
Music Video 2017 Santa's Coming For Us
0%
Film 2011 Scream 4
0%
Film 2009 Serious Moonlight
0%
TV Show 2013 Sesame Street
0%
TV Documentary 2016 Shelter Me: Hearts & Paws
0%
Short Film 2017 Show Business
0%
Documentary 2014 Showrunners: The Art of Running a TV Show
0%
Theater 2003 Sneaux
0%
Film 2013 Some Girl(s)
0%
Film 2004 Spartan
0%
TV Special 2010 Stand Up to Cancer
0%
Web Series 2023 StoryBots: Answer Time
0%
Web Series 2018 Storyline Online
0%
Film 2012 Stuck in Love
0%
Film 2018 Teen Titans Go! To the Movies
0%
TV Mini-Series 2016 Terrific Trucks
0%
Web Series 2020 Thanks a Million
0%
Theater 2001 The Adventures of Tom Sawyer
0%
Film 2016 The Boss
0%
Film 2003 The Cat Returns
0%
TV Show 2009 The Cleveland Show
0%
Theater 2002 The Crucible
0%
Film 2017 The Disaster Artist
0%
Commercial 2008 The Gap
0%
Web Series 2021 The Kids Tonight Show
0%
TV Film 2003 The King and Queen of Moonlight Bay
0%
Short Film 2014 The Making of Frozen
0%
TV Special 2014 The Maya Rudolph Show
0%
TV Show 2003 The O'Keefes
0%
Film 2022 The People We Hate at the Wedding
0%
TV Show 2017 The Price Is Right
0%
TV Documentary 2016 The Ranch: Home of an American Sports Dynasty
0%
Short Film 2005 The Receipt
0%
TV Show 2003 The Shield
0%
TV Show 2015, 2021 The Simpsons
0%
TV Show 2022, 2023, 2025 The Tiny Chef Show
0%
TV Show 2021 The Wall
0%
Web Mini-Series 2022 The Woman in the House Across the Street from the Girl in the Window
0%
TV Special 2024 The Wonderful World of Disney: Holiday Spectacular
0%
TV Show 2004, 2007, 2008 Total Request Live
0%
TV Special 2022 Ukraine: Answering the Call
0%
Web Series 2021 Ultra City Smiths
0%
Documentary 2015 Unity
0%
TV Show 2012 Unsupervised
0%
Short Film 2007 Veronica in the FBI
0%
TV Show 2004-2007, 2019 Veronica Mars
0%
Film 2014 Veronica Mars
0%
Film 2026 Violent Night 2
0%
Short Film 2010 Who Is Aziz Ansari?
0%
No matching quizzes found
Score Distribution
Percent of People with Each Score
Percentile by Number Answered
Your Score History
You have not taken this quiz since the last reset